000 00692nam a2200229Ia 4500
003 GCL
008 140319s9999 xx 000 0 ara d
040 _aGCL /
_cGCL
082 0 4 _a320.5
_bغ ب
100 1 _aغورباتشوف، م. س
245 1 0 _aبيرويسترويكا /
_cغورباتشوف، م. س
260 _a[S.N] :
_bدار الفارابى ،
_c1989
300 _a375 ص
490 _a
650 0 4 _aالاتحاد السوفيتى
650 0 4 _aالولايات المتحدة الامريكية
650 0 4 _aالاحوال الاقتصادية
650 0 4 _aنزع السلاح
650 0 4 _aالقوى العظمى
650 0 4 _aاوربا
942 _2ddc
_cBK
999 _c29267
_d29267